<?xml version="1.0" encoding="UTF-8"?>
<record
    xmlns:xsi="http://www.w3.org/2001/XMLSchema-instance"
    xsi:schemaLocation="http://www.loc.gov/MARC21/slim http://www.loc.gov/standards/marcxml/schema/MARC21slim.xsd"
    xmlns="http://www.loc.gov/MARC21/slim">

  <leader>03236nam a22003737a 4500</leader>
  <controlfield tag="005">2012011902412.0</controlfield>
  <controlfield tag="008">120119t        xxu||||| |||| 00| 0 eng d</controlfield>
  <datafield tag="010" ind1=" " ind2=" ">
    <subfield code="a">ENG-104782-104788</subfield>
  </datafield>
  <datafield tag="020" ind1=" " ind2=" ">
    <subfield code="a">9788132107118 </subfield>
    <subfield code="c">6000.00(set of 7 vols.)</subfield>
  </datafield>
  <datafield tag="035" ind1=" " ind2=" ">
    <subfield code="a">EN-88315-321</subfield>
  </datafield>
  <datafield tag="037" ind1=" " ind2=" ">
    <subfield code="b">DBAD/PUB</subfield>
  </datafield>
  <datafield tag="040" ind1=" " ind2=" ">
    <subfield code="a">DLC</subfield>
  </datafield>
  <datafield tag="082" ind1="0" ind2="0">
    <subfield code="a">301.0954</subfield>
    <subfield code="2">23</subfield>
  </datafield>
  <datafield tag="245" ind1="0" ind2="0">
    <subfield code="a">Studies in Indian sociology</subfield>
  </datafield>
  <datafield tag="260" ind1=" " ind2=" ">
    <subfield code="a">New Delhi </subfield>
    <subfield code="b">SAGE Publications</subfield>
    <subfield code="c">2012</subfield>
  </datafield>
  <datafield tag="270" ind1=" " ind2=" ">
    <subfield code="a">B1/I-1 Mohan Cooperative Industrial Area, Mathura Road</subfield>
    <subfield code="b">New Delhi</subfield>
    <subfield code="e">110044</subfield>
  </datafield>
  <datafield tag="300" ind1=" " ind2=" ">
    <subfield code="a">7V.(xxxiv,253p. ; xxxvii,224p. ; Ixiv,332p. ; xxvi,184p. ; Ivii,219p. ; Iiv,264p. ; xxxiv,324p.)</subfield>
    <subfield code="c">22cm(Hb)</subfield>
  </datafield>
  <datafield tag="500" ind1=" " ind2=" ">
    <subfield code="a">The first six volumes in this series are a collection of articles that have been published in the Indian Sociological Society's biannual journal Sociological bulletin; the seventh volume is a collection of select ISS presidents' addresses.</subfield>
  </datafield>
  <datafield tag="504" ind1=" " ind2=" ">
    <subfield code="a">Includes bibliographical references and index.</subfield>
  </datafield>
  <datafield tag="505" ind1="0" ind2=" ">
    <subfield code="a">v. 1. Indian sociology : issues and challenges / edited by L. Thara Bhai -- v. 2. Changing caste : ideology, identity, and mobility / edited by Surinder S. Jodhka -- v. 3. Agrarian change and mobilisation / edited by B.B. Mohanty -- v. 4. On the margins : tribes, castes, and other social categories / edited by Abhijit Dasgupta -- v. 5. Themes in sociology of education / edited by R. Indira -- v. 6. Sociology of social movement / edited by D.R. Sahu -- v. 7. Indian sociology over the years : selected presidential addresses of All India Sociological Conferences (1967-2010) / edited by Jacob John Kattakayam.</subfield>
  </datafield>
  <datafield tag="650" ind1=" " ind2="0">
    <subfield code="a">Sociology</subfield>
    <subfield code="z">India.</subfield>
    <subfield code="9">39700</subfield>
  </datafield>
  <datafield tag="700" ind1="1" ind2=" ">
    <subfield code="a">Thara Bhai, L.</subfield>
    <subfield code="9">39701</subfield>
  </datafield>
  <datafield tag="710" ind1="2" ind2=" ">
    <subfield code="a">Indian Sociological Society.</subfield>
    <subfield code="9">39702</subfield>
  </datafield>
  <datafield tag="711" ind1="2" ind2=" ">
    <subfield code="a">All India Sociological Conference.</subfield>
    <subfield code="9">39703</subfield>
  </datafield>
  <datafield tag="942" ind1=" " ind2=" ">
    <subfield code="2">ddc</subfield>
    <subfield code="c">EN</subfield>
    <subfield code="h">301.0954</subfield>
    <subfield code="m">STU</subfield>
  </datafield>
  <datafield tag="999" ind1=" " ind2=" ">
    <subfield code="c">61208</subfield>
    <subfield code="d">61208</subfield>
  </datafield>
  <datafield tag="952" ind1=" " ind2=" ">
    <subfield code="0">0</subfield>
    <subfield code="1">0</subfield>
    <subfield code="2">ddc</subfield>
    <subfield code="3">v.1</subfield>
    <subfield code="4">0</subfield>
    <subfield code="7">1</subfield>
    <subfield code="8">NFIC</subfield>
    <subfield code="a">DBAD</subfield>
    <subfield code="b">DBAD</subfield>
    <subfield code="d">2012-01-19</subfield>
    <subfield code="e">DBAD/PUB</subfield>
    <subfield code="g">6000.00</subfield>
    <subfield code="l">0</subfield>
    <subfield code="o">301.0954 STU</subfield>
    <subfield code="p">EN-88315</subfield>
    <subfield code="r">2012-01-19 00:00:00</subfield>
    <subfield code="t">1</subfield>
    <subfield code="v">6000.00</subfield>
    <subfield code="y">EN</subfield>
  </datafield>
  <datafield tag="952" ind1=" " ind2=" ">
    <subfield code="0">0</subfield>
    <subfield code="1">0</subfield>
    <subfield code="2">ddc</subfield>
    <subfield code="3">v.2</subfield>
    <subfield code="4">0</subfield>
    <subfield code="7">1</subfield>
    <subfield code="8">NFIC</subfield>
    <subfield code="a">DBAD</subfield>
    <subfield code="b">DBAD</subfield>
    <subfield code="d">2012-01-19</subfield>
    <subfield code="e">DBAD/PUB</subfield>
    <subfield code="g">6000.00</subfield>
    <subfield code="l">0</subfield>
    <subfield code="o">301.0954 STU</subfield>
    <subfield code="p">EN-88316</subfield>
    <subfield code="r">2012-01-19 00:00:00</subfield>
    <subfield code="t">1</subfield>
    <subfield code="v">6000.00</subfield>
    <subfield code="w">2012-01-19</subfield>
    <subfield code="y">EN</subfield>
  </datafield>
  <datafield tag="952" ind1=" " ind2=" ">
    <subfield code="0">0</subfield>
    <subfield code="1">0</subfield>
    <subfield code="2">ddc</subfield>
    <subfield code="3">v.3</subfield>
    <subfield code="4">0</subfield>
    <subfield code="7">1</subfield>
    <subfield code="8">NFIC</subfield>
    <subfield code="a">DBAD</subfield>
    <subfield code="b">DBAD</subfield>
    <subfield code="d">2012-01-19</subfield>
    <subfield code="e">DBAD/PUB</subfield>
    <subfield code="g">6000.00</subfield>
    <subfield code="l">0</subfield>
    <subfield code="o">301.0954 STU</subfield>
    <subfield code="p">EN-88317</subfield>
    <subfield code="r">2012-01-19 00:00:00</subfield>
    <subfield code="t">1</subfield>
    <subfield code="v">6000.00</subfield>
    <subfield code="w">2012-01-19</subfield>
    <subfield code="y">EN</subfield>
  </datafield>
  <datafield tag="952" ind1=" " ind2=" ">
    <subfield code="0">0</subfield>
    <subfield code="1">0</subfield>
    <subfield code="2">ddc</subfield>
    <subfield code="3">v.4</subfield>
    <subfield code="4">0</subfield>
    <subfield code="7">1</subfield>
    <subfield code="8">NFIC</subfield>
    <subfield code="a">DBAD</subfield>
    <subfield code="b">DBAD</subfield>
    <subfield code="d">2012-01-19</subfield>
    <subfield code="e">DBAD/PUB</subfield>
    <subfield code="g">6000.00</subfield>
    <subfield code="l">0</subfield>
    <subfield code="o">301.0954 STU</subfield>
    <subfield code="p">EN-88318</subfield>
    <subfield code="r">2012-01-19 00:00:00</subfield>
    <subfield code="t">1</subfield>
    <subfield code="v">6000.00</subfield>
    <subfield code="w">2012-01-19</subfield>
    <subfield code="y">EN</subfield>
  </datafield>
  <datafield tag="952" ind1=" " ind2=" ">
    <subfield code="0">0</subfield>
    <subfield code="1">0</subfield>
    <subfield code="2">ddc</subfield>
    <subfield code="3">v.5</subfield>
    <subfield code="4">0</subfield>
    <subfield code="7">1</subfield>
    <subfield code="8">NFIC</subfield>
    <subfield code="a">DBAD</subfield>
    <subfield code="b">DBAD</subfield>
    <subfield code="d">2012-01-19</subfield>
    <subfield code="e">DBAD/PUB</subfield>
    <subfield code="g">6000.00</subfield>
    <subfield code="l">0</subfield>
    <subfield code="o">301.0954 STU</subfield>
    <subfield code="p">EN-88319</subfield>
    <subfield code="r">2012-01-19 00:00:00</subfield>
    <subfield code="t">1</subfield>
    <subfield code="v">6000.00</subfield>
    <subfield code="w">2012-01-19</subfield>
    <subfield code="y">EN</subfield>
  </datafield>
  <datafield tag="952" ind1=" " ind2=" ">
    <subfield code="0">0</subfield>
    <subfield code="1">0</subfield>
    <subfield code="2">ddc</subfield>
    <subfield code="3">v.6</subfield>
    <subfield code="4">0</subfield>
    <subfield code="7">1</subfield>
    <subfield code="8">NFIC</subfield>
    <subfield code="a">DBAD</subfield>
    <subfield code="b">DBAD</subfield>
    <subfield code="d">2012-01-19</subfield>
    <subfield code="e">DBAD/PUB</subfield>
    <subfield code="g">6000.00</subfield>
    <subfield code="l">0</subfield>
    <subfield code="o">301.0954 STU</subfield>
    <subfield code="p">EN-88320</subfield>
    <subfield code="r">2012-01-19 00:00:00</subfield>
    <subfield code="t">1</subfield>
    <subfield code="v">6000.00</subfield>
    <subfield code="w">2012-01-19</subfield>
    <subfield code="y">EN</subfield>
  </datafield>
  <datafield tag="952" ind1=" " ind2=" ">
    <subfield code="0">0</subfield>
    <subfield code="1">0</subfield>
    <subfield code="2">ddc</subfield>
    <subfield code="3">v.7</subfield>
    <subfield code="4">0</subfield>
    <subfield code="7">1</subfield>
    <subfield code="8">NFIC</subfield>
    <subfield code="a">DBAD</subfield>
    <subfield code="b">DBAD</subfield>
    <subfield code="d">2012-01-19</subfield>
    <subfield code="e">DBAD/PUB</subfield>
    <subfield code="g">6000.00</subfield>
    <subfield code="l">0</subfield>
    <subfield code="o">301.0954 STU</subfield>
    <subfield code="p">EN-88321</subfield>
    <subfield code="r">2012-01-19 00:00:00</subfield>
    <subfield code="t">1</subfield>
    <subfield code="v">6000.00</subfield>
    <subfield code="w">2012-01-19</subfield>
    <subfield code="y">EN</subfield>
  </datafield>
</record>
